000 00757nam a2200229 i 4500
001 C2-0316140
003 PPAK
005 20180728112050.0
008 120716s1994 my a|||| ||||| | eng d
040 _aPPAK
_beng
_cPPAK
_erda
082 0 4 _a630.9595
_223
090 0 0 _a630.9595
_bPRO
_dKK
245 0 0 _aProjek Empangan Beris di Negeri Kedah
264 1 _aAlor Setar, Kedah :
_b[publisher not identified] ,
_c[1994]
300 _billustrations ;
_c30 cm
336 _2rdacontent
_atext
337 _2rdamedia
_aunmediated
338 _2rdacarrier
_avolume
500 _aConsultant's report for 2nd Steering Committee Meeting Scheduled on 8th April 1994
650 1 0 _aAgriculture and State - Kedah ; Agriculture - Research - Malaysia
942 _ddc
_cB
999 _c117285
_d117285